Environmentalica

Gespeichert in:
Bibliographische Detailangaben
Körperschaft: Univerzita Karlova v Praze
Weitere Verfasser: Klener, Pavel
Format: Buch
Sprache:Englisch
Veröffentlicht: Praha Univerzita Karlova v Praze. Nakladatelství Karolinum 2006
Schriftenreihe:Acta Universitatis Carolinae
Schlagworte:
Tags: Tag hinzufügen
Keine Tags, Fügen Sie das erste Tag hinzu!

MARC

LEADER 00000nam$a2200000$$$4500
001 0055049
005 20240104135415.6
020 |a 80-246-1110-4 
022 |a 0862-6529 
041 0 |a eng 
044 |a CZ 
245 1 0 |a Environmentalica  |c prorektor-editor: Pavel Klener 
264 1 |a Praha  |b Univerzita Karlova v Praze. Nakladatelství Karolinum  |c 2006 
300 |a 96 s. 
490 1 |a Acta Universitatis Carolinae 
830 0 |a Acta Universitatis Carolinae 
610 2 0 |a prostredie životné 
610 2 0 |a ochrana prostredia životného 
610 2 0 |a voda 
610 2 0 |a voda povrchová 
610 2 0 |a kvalita vody 
610 2 0 |a porovnanie medzinárodné 
610 2 0 |a Česko 
610 2 0 |a Slovensko 
610 2 0 |a Fínsko 
700 1 |a Klener, Pavel 
710 2 |a Univerzita Karlova v Praze